Basic complex analysis /

Guardado en:
Autor Principal: Marsden, Jerrold E.
Otros Autores: Hoffman, Michael J.
Formato: Libro
Idioma:English
Publicado: New York : W.H. Freeman, c1999.
Edición:3rd ed.
Materias:
Acceso en línea:Table of contents
Sitio web del libro
Etiquetas: Agregar Etiqueta
Sin Etiquetas, Sea el primero en etiquetar este registro!
LEADER 00977cam a2200253 a 4500
001 MAT.inmabb006500
008 980817s1999####nyua#####b####001#0#eng##
005 20130307183212.0
245 1 0 |a Basic complex analysis /  |c Jerrold E. Marsden, Michael J. Hoffman. 
250 |a 3rd ed. 
260 |a New York :  |b W.H. Freeman,  |c c1999. 
300 |a viii, 516 p. :  |b il. ;  |c 25 cm. 
500 |a "Internet Supplement" disponible en el sitio web del libro. 
504 |a Incluye referencias bibliográficas e índice. 
020 |a 071672877X 
100 1 |a Marsden, Jerrold E. 
700 1 |a Hoffman, Michael J. 
650 0 |a Functions of complex variables. 
084 |a 30-01  |2 msc2000 
010 |a  98041459  
040 |a DLC  |c DLC  |d DLC 
856 4 1 |3 Table of contents  |u http://www.loc.gov/catdir/enhancements/fy0912/98041459-t.html 
856 |u http://www.cds.caltech.edu/%7Emarsden/books/Basic%5FComplex%5FAnalysis.html  |y Sitio web del libro 
859 |h 30  |i M364-3  |p A-8703  |b BIB. MATEMATICA